00434nam a2200133Ia 4500008004100000020001800041245004300059245011100102260001600213260003400229260000900263300001700272300001100289170203s9999 xx 000 0 und d a9780521170567 aCambridge practice tests for IELTS 5 : bExamination papers from University Cambridge ESOL Examinations : English for speakers of other languages / aCambridge : bCambridge University Press.  c2010 a172 pages :  c24 cm.